UBT Library

Medical terminology : (Record no. 42579)

000 -LEADER
fixed length control field 01086cam a22003494a 4500
001 - CONTROL NUMBER
control field 15122424
005 - DATE AND TIME OF LATEST TRANSACTION
control field 20180215034048.0
007 - PHYSICAL DESCRIPTION FIXED FIELD--GENERAL INFORMATION
fixed length control field vd |v||||
008 - FIXED-LENGTH DATA ELEMENTS--GENERAL INFORMATION
fixed length control field 071220s2009 njua 001 0 eng
010 ## - LIBRARY OF CONGRESS CONTROL NUMBER
LC control number 2007052267
015 ## - NATIONAL BIBLIOGRAPHY NUMBER
National bibliography number GBA807088
Source bnb
016 7# - NATIONAL BIBLIOGRAPHIC AGENCY CONTROL NUMBER
Record control number 101462221
Source DNLM
016 7# - NATIONAL BIBLIOGRAPHIC AGENCY CONTROL NUMBER
Record control number 014494019
Source Uk
020 ## - INTERNATIONAL STANDARD BOOK NUMBER
International Standard Book Number 9780131589988
020 ## - INTERNATIONAL STANDARD BOOK NUMBER
International Standard Book Number 0131589989
035 ## - SYSTEM CONTROL NUMBER
System control number (OCoLC)ocn185042616
035 ## - SYSTEM CONTROL NUMBER
System control number (OCoLC)185042616
Canceled/invalid control number (OCoLC)181421808
-- (OCoLC)190968015
-- (OCoLC)225382685
040 ## - CATALOGING SOURCE
Original cataloging agency DNLM/DLC
Transcribing agency DLC
Modifying agency YDX
-- NLM
-- BAKER
-- YDXCP
-- UKM
-- OCL
-- DLC
041 ## - LANGUAGE CODE
Language code of text/sound track or separate title eng
042 ## - AUTHENTICATION CODE
Authentication code pcc
060 00 - NATIONAL LIBRARY OF MEDICINE CALL NUMBER
Classification number 2008 D-647
060 10 - NATIONAL LIBRARY OF MEDICINE CALL NUMBER
Classification number W 15
Item number F869m 2009
080 ## - UNIVERSAL DECIMAL CLASSIFICATION NUMBER
Universal Decimal Classification number 610.14 bon
082 00 - DEWEY DECIMAL CLASSIFICATION NUMBER
Classification number 610.14 bon
Edition number 22
100 1# - Rafti
Rafti 3
101 ## - Shkurtesa
Shkurtesa shm
245 10 - TITLE STATEMENT
Title Medical terminology :
Statement of responsibility, etc Bonnie F. Fremgen, Suzanne S. Frucht.
504 ## - BIBLIOGRAPHY, ETC. NOTE
Bibliography, etc Includes bibliographical references and index.
906 ## - LOCAL DATA ELEMENT F, LDF (RLIN)
a 7
b cbc
c orignew
d 1
e ecip
f 20
g y-gencatlg
942 ## - ADDED ENTRY ELEMENTS (KOHA)
Source of classification or shelving scheme
Item type Books
Holdings
Withdrawn status Lost status Source of classification or shelving scheme Damaged status Not for loan Collection code Permanent location Current location Shelving location Date acquired Total Checkouts Full call number Barcode Date last seen Price effective from Koha item type
          Koleksioni i përgjithshem UBT - Lipjan UBT - Lipjan Koleksioni i përgjithshem 02/15/2018   610.14 bon 002-2997316 02/15/2018 02/15/2018 Books
UBT Library © 2015-2024. All rights reserved University Education for Business and Technology